| 000 | 00845nam a2200265 i 4500 | ||
|---|---|---|---|
| 001 | 18859 | ||
| 003 | ES-MaACL | ||
| 005 | 20230906151935.0 | ||
| 007 | t| | ||
| 008 | 020321s1973 sp |||| | spa d | ||
| 020 | _a84-344-1652-2 | ||
| 080 | _a301(04) | ||
| 080 | _a308(460)"1961/70" | ||
| 100 | 1 |
_aCampo Urbano, Salustiano del. _934221 |
|
| 245 | 1 | 0 |
_aCambios sociales y formas de vida _b: (estudios de sociología) / _cSalustiano del Campo. |
| 250 | _a2ª ed. | ||
| 260 |
_aBarcelona : _bAriel, _c1973. |
||
| 300 |
_a401 p. ; _c19 cm. |
||
| 490 | 1 | _aColección Demos. Biblioteca de sociología | |
| 650 | 1 | 4 |
_aEstilos de vida- _zEspaña. _912553 |
| 651 |
_aEspaña- _xSituación social- _y1939-1975. _9163951 |
||
| 830 | 0 |
_aColección Demos. Biblioteca de sociología _9187015 |
|
| 852 |
_aES-MaACL _jG-1293 |
||
| 999 |
_c18859 _d18859 |
||